| 000 | 00687 a2200313 4500 | ||
|---|---|---|---|
| 260 | _aParis | ||
| 100 | _aBODEN, J-P. | ||
| 700 | 1 | _aCARO, Michèle | |
| 260 | _bA. COLIN | ||
| 245 | _aEcologie | ||
| 300 | _a208p. | ||
| 650 | _aécologie | ||
| 650 | _aenvironnement | ||
| 260 | _c1984 | ||
| 130 | _lFr. | ||
| 440 | _aCollection DESIRE | ||
| 690 | _améthode d'étude d'un environnement en milieu terrestre | ||
| 690 | _aforêt | ||
| 690 | _avariation saisonnière | ||
| 690 | _aterre | ||
| 690 | _amer | ||
| 690 | _asol | ||
| 690 | _aclimat | ||
| 690 | _aproduction primaire | ||
| 690 | _ahomme | ||
| 020 | _a2-200-03101-7 | ||
| 999 |
_c22915 _d22915 |
||